000 00369nam a2200145Ia 4500
008 220217s9999||||xx |||||||||||||| ||und||
020 _a81-7808-133-4
082 _a005 .133 KEL
100 _aKelley, Al Pohl, Ira
_91243
245 0 _aBook on c
250 _a4th
260 _aAddision wesley
_bHarlow
_c2000
300 _b265
650 _aPROGRAMMING LANGUAGE
999 _c166131
_d166131